| 000 | 02345nam a2200313 i 4500 | ||
|---|---|---|---|
| 003 | DO-SdBNP | ||
| 005 | 20250709075849.0 | ||
| 007 | ta | ||
| 008 | 250704s2010 dr o r 000 0 spa d | ||
| 020 | _a9789945876208 | ||
| 040 |
_aDO-SdBNP _bspa _cBNPHU _erda |
||
| 082 | 4 |
_axxx _bC198 _222 |
|
| 245 | 1 | 0 |
_aCampos de golf de la República Dominicana / _cedición, Carlos Lizarazo ; fotografías, Ricardo Rojas ; diseño, Rosanna Carolina Disla Eli |
| 264 | 1 |
_aSanto Domingo : _bCasa editorial, _c2010. |
|
| 300 |
_a208 páginas : _bfotografías ; _c24 cm. |
||
| 336 |
_atexto _btxt _2rdacontent |
||
| 337 |
_asin mediación _bn _2rdamedia |
||
| 338 |
_avolumen _bnc _2rdacarrier |
||
| 500 | _aIncluye datos biográficos del editor, fotógrafo y diseño en la solapa de la contracubierta | ||
| 520 | _aLa República Dominicana es reconocida como un destino líder para el golf en el Caribe, albergando numerosos campos de golf de renombre. Un libro importante sobre este tema es "Campos de golf de la República Dominicana" de Carlos Lizarazo, publicado por Imagenes Casa Editorial en 2010. Este libro, presentado por la Biblioteca Nacional Pedro Henríquez Ureña, destaca la obra de prestigiosos diseñadores de campos en la isla. Algunos de los campos de golf más destacados en la República Dominicana, mencionados en diversas fuentes, incluyen: Casa de Campo Resort & Villas (La Romana): Hogar de Teeth of the Dog (considerado uno de los mejores del Caribe), Dye Fore y The Links, todos diseñados por Pete Dye. Punta Cana: Alberga el Punta Espada Golf Club (diseñado por Jack Nicklaus), Corales Golf Course (donde se celebra el PGA Tour) y Hard Rock Golf Club Cana Bay. También se encuentra La Cana Golf Club. Otros campos notables: Playa Grande Golf & Ocean Club, Punta Blanca Golf Course, Iberostate Bavaro Golf & Club y Barcelo Lakes Golf Course. La República Dominicana ofrece una gran variedad de campos con impresionantes vistas, ya sea al mar Caribe o a paisajes interiores. | ||
| 590 | _aInventariado, 2025/ YL | ||
| 650 | 7 |
_aCampos de golf _988243 |
|
| 650 | 7 |
_aDiseño sostenible _988244 |
|
| 700 | 1 |
_aLizarazo, Carlos _eedición _4ed. _988245 |
|
| 700 | 1 |
_aRojas, Ricardo _efotografías _4fo. _988246 |
|
| 700 | 1 |
_aDisla Eli, Rosanna Carolina _ediseño _4di. _988247 |
|
| 910 | _aYLockward | ||
| 942 |
_2ddc _cLBS1 |
||
| 999 |
_c59427 _d59427 |
||